[Event "6th London Chess Classic"]
[Site "London"]
[Date "2014.12.13"]
[Round "4"]
[White "Nakamura, Hikaru"]
[Black "Adams, Michael"]
[Result "1-0"]
[WhiteElo "2767"]
[BlackElo "2745"]
[EventDate "2014.??.??"]
[Annotator "Bojkov,Dejan"]
[PlyCount "79"]
[Beauty "7697789358602"]
[EventCountry "ENG"]

{[Annotations by GM Dejan Bojkov]} 
1.d4 {After the fascinating Evans Gambit Hikaru switches to the semi-closed openings. Which does not mean that he is up for a lenghty maneuvering battle...} 1...Nf6 2.c4 e6 3.Nf3 d5 4.Bg5 Be7 5.Qc2 {The words with which Hikaru described his game in the opening are fun to listen to: "Well, I do not know, it was interesting, I kind of just played something..."} ( {The usual continuation is} 5.Nc3 h6 6.Bh4 O-O 7.e3 Ne4 {and this was played by Nakamura himself with the black pieces recently:} 8.Bxe7 Qxe7 9.Rc1 c6 10.Bd3 Nxc3 11.Rxc3 dxc4 12.Rxc4 Nd7 13.O-O e5 {Aronian,L (2801)-Nakamura,H (2786) Antalya 2013} ) 5...h6 6.Bxf6 Bxf6 7.e3 c5 {Adams felt tempted to use the absence of the white knight on c3 and strike in the center at once. As it turns out, this attempt is premature and the American GM has done his homework well.} ( {Instead} 7...O-O {would have transposed into the usual QGD} 8.Nc3 b6 {and also} ( 8...c5 ) ( {or} 8...c6 {are normal continuations} ) 9.O-O-O $5 Bb7 10.cxd5 exd5 {with interesting play.} ) 8.cxd5 cxd4 9.Bb5+ {The forced play is favorable for the first player who is slightly better developed.} 9...Bd7 10.dxe6 $1 {A nice temporary piece sacrifice, which was part of Nakamura's preparation.} ( 10.Bxd7+ Qxd7 11.dxe6 Qxe6 12.O-O Nc6 13.exd4 O-O $1 {is nothing for White.} ) 10...Qa5+ ( {The bishop on b5 is defended tactically:} 10...Bxb5 11.exf7+ Kd7 {or else White regains the piece at once} ( 11...Ke7 12.Qc5+ ) ( 11...Kf8 12.Qc5+ ) ( 11...Kxf7 12.Qb3+ ) 12.Qf5+ Kc6 13.a4 Ba6 14.b4 {and White will regain the material and will have strong attack fro free.} 14...dxe3 15.b5+ Kb6 16.Ra3 exf2+ 17.Kxf2 ) 11.Nbd2 Qxb5 ( {Hikaru revealed at the press conference that he mainly checked the line} 11...Bxb5 12.Qc8+ Qd8 ( 12...Bd8 13.exf7+ Kxf7 14.Qxb7+ Bc7 15.Nxd4 $1 {loses heavily material for Black.} ) ( {Nigel Short was very excited to play in "immortal style"} 12...Ke7 13.Qxh8 ( 13.Qxb7+ Kxe6 {is unclear, to say at least...} ) 13...Nd7 14.Qxa8 Nc5 15.Qc8 Nd3+ 16.Kf1 Nf4+ 17.Nc4 {"And that's the end of the excitement." - Short} ) 13.Qxb7 O-O 14.Qxb5 {The key move pointed out by Hikaru. Indeed, the rook is poisoned} ( 14.Qxa8 $2 dxe3 15.fxe3 Qd3 16.exf7+ Kh8 17.Kf2 Qe2+ 18.Kg3 Bc6 19.Qxa7 Be5+ 20.Kh3 Bd7+ 21.g4 Rxf7 {with a decisive attack for Black:} 22.Nxe5 Bxg4+ 23.Nxg4 Rxa7 ) ) 12.exd7+ Nxd7 13.Qe4+ Kf8 14.Nxd4 Qxb2 15.Rb1 Qxa2 16.Qxb7 {All these moves were more or less forced. Now a curious situation arises where it becomes evident that Black will sooner or later lose his a-pawn and there will be an endgame four versus three on the kingside. Whether this will be a win for White or a draw will depend on the remaining pieces and the pawn structure. For example, very good for White will be a pure knight endgame which a theoretical win. Very good for Black will be a single rook endgame which is usually a draw. A critical moment has arisen and Mickey has to make a tough choice.} 16...Rd8 ( 16...Rb8 $1 {suggested by Hikaru was better. After} 17.Qxd7 Rxb1+ 18.Nxb1 Qxb1+ 19.Ke2 Qb2+ ( {Black cannot win the rook due to a cunning checkmate:} 19...Qxh1 $4 20.Qc8+ Ke7 21.Nf5# ) 20.Kf3 g6 21.Qxa7 Bxd4 22.Qxd4 {Black will achieve one of the good combinations of pieces when the game should be objectively a draw.} 22...Qb7+ 23.Kg3 Kg8 24.Ra1 Kh7 25.Ra7 Qb8+ {"should be a draw" - Nakamura, Short.} ) 17.Qb4+ ( {Initially Nakamura wanted to play} 17.Nc6 {but then he thought he is losing after} 17...Nc5 $1 18.Qb4 Kg8 19.O-O Na6 {"I completely missed this move." (Hikaru)} 20.Qg4 h5 {A closer look at the position reveals that it is a draw:} 21.Qh3 Rxd2 22.Qc8+ Kh7 23.Qf5+ Kg8 ( {Black cannot avoid the repetition with} 23...Kh6 $4 24.Rb5 ) 24.Qc8+ ) 17...Kg8 18.O-O {Now logically the endgame in question appears on the board.} 18...a5 19.Qc3 Qd5 20.Qc7 Nf8 21.Rb5 Qd7 22.Qxd7 Rxd7 23.N2f3 Bxd4 24.Nxd4 Ne6 {This weakens the pawn structure but the knight is a trouble-maker and should be traded.} ( {The pawn can never be saved:} 24...Ra7 25.Ra1 a4 26.Rb4 a3 27.Rb3 a2 28.Rb2 ) 25.Nxe6 fxe6 26.Rxa5 Kf7 27.g4 $1 {White's plan is to advance the h pawn to h5, bring the king to g3, eventually attack the e6-pawn with both rooks (on a6 and e5 for example) and then push f2-f4 and g4-g5. Nakamura thought that he had decent winning chances with all rooks still on the board and considered the position a draw with a single pair of rooks.} 27...Rc8 {It should be noted though that Vishy Anand's classical knowledge and excellent memory gave us a good example to study and understand the arising endgame. He mentioned the game Karpov-Hort, Waddinxveen 1979 (analysed deeply by Jan Timman in one of his books) where the 12th world champion managed to win a similar endgame with only one pair of rooks!} ( {From the comment above, Nakamura suggested the idea} 27...Rhd8 28.h4 ( {and he thought he needs to keep the two rooks alive with the passive} 28.Raa1 ) 28...Rd1 29.Rxd1 Rxd1+ 30.Kg2 ) 28.Rb1 Rc2 ( {Or else White improves the position as above} 28...Rdc7 29.Kg2 Rd7 30.h4 Rdc7 31.h5 Rd7 32.Kg3 Rdc7 33.Rbb5 Rd7 34.f4 ) 29.Ra8 Rc4 30.h3 h5 $2 {A blunder. Passive defense was more stubborn.} 31.gxh5 Rh4 32.Rh8 Kf6 ( {Alas, the pawn is untouchable:} 32...Rxh3 $2 33.Kg2 Rh4 34.f4 {"The rook is inboxed" - Nakamura.} 34...Rd5 35.Rb7+ Kf6 36.Rf8# ) 33.Kh2 $1 {Diagram [#] The g file decides the battle.} 33...Rd5 34.Rf8+ Ke7 35.Rf3 Rf5 ( {Black loses a second pawn after} 35...Rhxh5 36.Rb7+ Rd7 37.Rxd7+ Kxd7 38.Rf7+ ) 36.Rxf5 exf5 37.Rg1 Kf6 38.Rg6+ Kf7 39.Rg5 Kf6 ( 39...f4 40.Rf5+ Ke6 41.Rxf4 ) 40.f4 {The rook is lost, so Adams resigned. A very nice example of a nice opening preparation leading to an advantage that lasted till the endgame!} 1-0

[Event "Tata Steel Masters"]
[Site "?"]
[Date "2015.01.17"]
[Round "7.2"]
[White "Ding, Liren"]
[Black "Van Wely, Loek"]
[Result "1-0"]
[WhiteElo "2732"]
[BlackElo "2667"]
[EventDate "2015.??.??"]
[Annotator "Bojkov,Dejan"]
[PlyCount "157"]
[Beauty "5365487902229"]
[EventType "team-tourn"]
[WhiteClock "0:10:36"]
[BlackClock "0:01:17"]

{[Annotations by GM Dejan Bojkov]} 
1.c4 {White is playing the Sicilian Defense reversed.} 1...c5 2.Nf3 Nf6 3.Nc3 Nc6 4.g3 d5 5.cxd5 Nxd5 6.Bg2 Nc7 7.O-O e5 {And Black does the Maroczy Bind on his turn.} 8.a3 {Since White has an extra tempo, he can afford more things. Concretely to attack the center with the move b2-b4!} 8...Be7 ( {A modern way to prevent the b2-b4 advance is} 8...Rb8 {a move we discussed not long time ago with Alex Yermolinsky at one of the Chess.com/TV shows. The idea is that after} 9.b4 cxb4 10.axb4 Bxb4 {(a line the Serbian GM Bogosavljevic once fell for) Whie cannot win the pawn back with the typical trick} 11.Nxe5 $2 Nxe5 12.Qa4+ Nc6 13.Bxc6+ bxc6 {as the bishop on b4 is defended.} ) 9.b4 O-O {KingLoek's concept is very simple and effective. Finish the development and let White prove that he can actually challenge the black center.} ( 9...cxb4 10.axb4 Bxb4 $2 {makes no sense now due to} 11.Nxe5 Nxe5 12.Qa4+ Nc6 13.Bxc6+ bxc6 14.Qxb4 {with a large advantage for White.} ) 10.Rb1 ( {White can try} 10.bxc5 Bxc5 11.Bb2 {which frees the center a bit, but allows time to Black to regroup conveniently with} 11...Re8 12.Rc1 Bf8 {and level the game, Kramnik,V (2781)-Timofeev,A (2665) Moscow 2011} ) 10...cxb4 {This simple move is a novelty. Black had only tested} ( 10...Bf5 {previously, obviously not willing to give up the central control. After} 11.d3 c4 12.e4 {was tried by White} ( {However, the immediate} 12.b5 Na5 13.Qa4 Ne6 14.Nd5 $5 {might be stronger as pointed by the engines, with the idea} 14...Qxd5 15.Nh4 e4 16.dxc4 Qc5 17.Nxf5 Qxf5 18.Qxa5 {with a solid extra pawn for White.} ) 12...Be6 13.b5 Na5 14.d4 {with the initiative for White in the game Lalic,B (2500)-Izeta Txabarri,F (2340) Palma de Mallorca 1989} ) 11.axb4 b5 {The point. Van Wely blocks the b4 pawn and slowly builds his play around it. This is a typical idea for the Hedgehog.} 12.Bb2 ( {The tricks favor Black:} 12.Nxe5 $2 Nxe5 13.Bxa8 Nxa8 ) ( 12.d4 $2 exd4 13.Nxd4 Qxd4 14.Bxc6 $2 Qxc3 {and wins} ) 12...Bf5 13.Rc1 {The threat is Nc3xb5.} 13...Rc8 {Overprotects the knight on c6 and lets the rook stay clear of the bishop on g2. Black has comfortably equalized.} 14.d3 Qd7 15.Nb1 {A crafty idea.} ( {The more active} 15.Ne4 {bocks the white bishop and after} 15...Ne6 16.Nc5 Nxc5 17.bxc5 Qe6 {the black pawns on the queenside are obviously more mobile than the white ones in the center.} ) 15...Na6 $1 {Loek is alert.} ( {The natural defense} 15...f6 $2 {suddenly loses to} 16.Rxc6 $1 Qxc6 17.Nd4 Qd7 18.Bc6 $1 {and if} 18...Qd6 19.Nxf5 Qxc6 20.Nxe7+ ) 16.Bxe5 ( {The line} 16.Nxe5 Nxe5 17.Bxe5 Nxb4 18.Nc3 {leaves the white bishop exposed on e5.} ) ( {Most likely Ding should have opted for} 16.Nc3 Naxb4 17.Nxb5 Rb8 {with approximate equality.} ) ( {or} 16.Na3 ) 16...Naxb4 17.Bb2 Rfd8 {A peculiar position. It seems as White's central superiority should count more than Black's one on the queenside. However, since Van Wely has strong pressure along the half-open d-file, Ding has no time to start pushing the pawns.} 18.Nc3 ( 18.e4 $2 {creates a weakness on d3.} 18...Bg6 ) ( {While} 18.d4 $2 {comically self-traps the white rook after} 18...Na2 ) 18...a6 {Over the next moves Black confidently outplays his opponent.} 19.Ra1 Bh3 20.Bxh3 Qxh3 21.Qd2 Qf5 {The threat is Nb4xd3.} 22.Kg2 ( {Say} 22.Rab1 $2 Nxd3 23.exd3 Qxf3 ) 22...a5 23.Ne4 Nd5 ( 23...a4 {looks also very nice for Black.} ) 24.Rfc1 a4 25.Kg1 h6 {Logical play has given Black a large advantage. Ding further weakens his position with the next move.} 26.h4 $6 Bb4 27.Qd1 Bf8 {King Loek misses a good chance.} ( {Strong was} 27...Qd7 {with the threat f7-f5-f4! If} 28.Nc5 Qa7 29.Ne4 a3 {is strong} ( {Or again} 29...f5 {In either case White is in trouble.} ) ) 28.Rcb1 Nb6 ( 28...Qd7 $1 ) 29.Bc1 Nc4 30.Nc3 Bb4 31.Na2 Be7 32.Nc3 Bb4 33.Na2 Be7 34.Nc3 Nb4 {Van Wely does not find a concrete plan but continues to play for a win.} 35.Kg2 ( 35.Bf4 {was better although Black is much better here as well.} ) 35...Na5 {One more miss for Black.} ( {After} 35...Ne5 $1 36.Nxe5 Qxe5 {the white knight on c3 is trapped!} 37.Ne4 ( 37.Na2 Nxa2 38.Rxa2 Qd5+ ) ( 37.Bd2 Rxc3 38.Bxc3 Qxc3 ) 37...Qxe4+ 38.dxe4 Rxd1 {Black wins.} ) 36.Bd2 Nb3 37.Rxb3 axb3 38.Rb1 {Black has won the exchange and is very close to the win.} 38...Nc6 {The third and last clear miss. The combo} ( 38...Nxd3 $1 39.exd3 Rxc3 40.Bxc3 Rxd3 41.Bd2 Rxf3 {would have wrapped the game up.} ) 39.e4 Qh5 ( 39...Qc5 {was better} ) 40.Nd5 {Ding managed to stabilize the situation and Loek looks for a way to retain the initiative.} 40...Rxd5 41.exd5 Qxd5 42.Qxb3 Qxb3 43.Rxb3 b4 {Black is still better thanks to the outside passed pawn.} 44.Kf1 f6 45.Rb1 Kf7 {Brings the king into the game.} 46.Ra1 Rb8 47.Be3 b3 48.Nd2 b2 ( {A more logical follow up was} 48...Ke6 49.Rb1 Na5 50.Ke2 Kd5 ) 49.Rb1 f5 50.Nc4 Bf6 51.Bc5 Bc3 ( {The last winning attempt was connected with the computer idea} 51...Ra8 $5 {Very strong with the idea} 52.Nxb2 Rb8 53.d4 Rb3 $3 {when White has nothing to move.} 54.Kg2 ( 54.Ke2 Nxd4+ 55.Kd2 Nb5 56.Kc2 Rc3+ 57.Kd2 Rxc5 ) 54...Nb8 $1 {Try finding this over the board!} 55.Kh3 Na6 56.Bd6 Nb4 57.Bc5 Nd3 58.Nxd3 Rxb1 {when Black's chances for a win are quite resonable.} ) 52.Ke2 Nb4 53.d4 Ke6 $4 {Hallucination. Van Wely forgot that his king is not yet there.} ( 53...Nd5 54.Kd3 Ke6 {would be equal.} ) 54.Bxb4 Bxb4 ( {Alas,} 54...Rxb4 55.Kd3 {traps the bishop as} 55...Be1 56.Rxe1+ {is taken with a check.} ) 55.Rxb2 {The tables have turned and it is White who has the advantage. A frustrated Van Wely loses without much fight.} 55...g5 56.h5 g4 57.Kd3 Bd6 58.Re2+ Kd7 59.Ne3 Rf8 60.Ra2 f4 ( 60...Ke6 61.Nc4 Bb8 ( 61...Rb8 62.Ra6 ) 62.Ra6+ ) 61.Nxg4 fxg3 62.fxg3 Bxg3 63.Nxh6 Rf4 64.Rg2 Bf2 65.Rg4 Rf3+ 66.Ke2 Rf8 67.Re4 Kd6 68.Ng4 Bg1 69.Kd3 Rf3+ 70.Kc4 Ra3 71.h6 Ra4+ 72.Kc3 Ra3+ 73.Kb4 Rh3 74.Kc4 Rh4 75.d5 Be3 $2 76.Nf6 Rh3 ( 76...Rxe4+ 77.Nxe4+ Kd7 78.h7 ) 77.Re6+ Kc7 78.d6+ Kb7 79.d7 {Van Wely outplayed his strong opponent but was imprecise in the detail when converting the advantage. The stubborness of the Chinese star Ding Liren was rewarded by a full point and he is now half point short of the leaders.} 1-0

[Event "Tata Steel Masters"]
[Site "?"]
[Date "2015.01.21"]
[Round "10.4"]
[White "Saric, Ivan"]
[Black "Giri, Anish"]
[Result "0-1"]
[WhiteElo "2666"]
[BlackElo "2784"]
[EventDate "2015.??.??"]
[Annotator "Bojkov,Dejan"]
[PlyCount "94"]
[Beauty "7149778394168"]
[EventType "team-tourn"]
[WhiteClock "0:37:34"]
[BlackClock "1:13:44"]

{[Annotations by GM Dejan Bojkov]} 
1.e4 c5 2.Nf3 e6 3.d4 cxd4 4.Nxd4 Nc6 5.Nc3 Qc7 6.Be3 a6 7.Qf3 {Not a very commong choice in the Taimanov. White wants to castle long as quickly as possible and to place the queen as agressively as he can on the other side where he will attack. The normal developing moves are} ( 7.Bd3 {and} ) ( 7.Be2 ) 7...Ne5 8.Qg3 h5 {Anish played this already against Karjakin and described it then with the words "the worst possible line", but then he repeated it anyway against Radjabov in this tournament! "Not as bad as it looks," said Carlsen about the pawn push.} 9.f4 ( 9.f3 b5 10.O-O-O d6 11.f4 Ng4 12.e5 dxe5 ( {it was pointed out by some sources that} 12...Nxe3 13.Qxe3 d5 {might be better} ) 13.fxe5 Nxe3 14.Qxe3 Bd7 {was Karjakin-Giri, Tashent GP 2014} ) 9...h4 {This was what the previous move was all about. Now White will have to place the queen on a less active square.} 10.Qh3 ( 10.Qf2 $6 Ng4 ) 10...Nc4 11.Bxc4 Qxc4 {Some years back Giri would have be stripped of his GM title and possibly sent to jail for violating all the opening rules. He has not developed any piece yet, beside the queen and advanced the pawns on the kingside where he is about to get checkmated. Nowadays, this is considered normal. Black has a lot of hidden trumps up his sleeve, namely the powerful bishop pair and the fluid pawn structure. One more thing of a great importance is that there are no pawn clashes yet and this means that the black king will be safe in the center. At least for a while.} 12.O-O-O b5 {No, he does not develop yet, but watches carefully for the white maneuvers.} 13.f5 {Ivan decided to open some files.} ( 13.e5 {would be met with} 13...Bb7 {that stops the Nc3-e4 jump.} ) 13...Bb7 ( 13...b4 {would be a bit too much and White can start attacking the weakened dark squares after} 14.Na4 Qc7 15.Nb3 ) 14.Rhf1 ( {Black remains remarkably solid after} 14.fxe6 dxe6 15.e5 Rc8 {and he has all the time in the world to bring his knight to g6 or f5 after Ng8-e7. It is true that White have opened a file in this line but there is nothing to attack there yet and his queen is somewhat misplaced.} ) 14...e5 {This logically closes the center, but allows direct play against the d5-square.} ( {Giri deviates from his game with Radjabov which went} 14...Rc8 15.fxe6 ( 15.Nf3 $5 Qc7 16.Ng5 {and Ng5xf7 is in the air, for example} 16...e5 $2 17.Nxf7 $3 Kxf7 18.f6 $1 {This is the moment that White cherishes and it ought to be over soon:} 18...Nxf6 19.Rxd7+ Qxd7 20.Qxd7+ ) 15...dxe6 16.Rxf7 Kxf7 17.b3 Ba3+ 18.Kb1 Qxc3 19.Qxe6+ Kf8 20.Rf1+ Nf6 21.Rxf6+ gxf6 22.Qxf6+ Kg8 23.Qg6+ Kf8 24.Qf6+ Kg8 25.Qg6+ Kf8 26.Qf6+ {&frac12;-&frac12; Radjabov,T (2734)-Giri,A (2784) Wijk aan Zee NED 2015} ) 15.Nb3 ( {Once again} 15.Nf3 $5 {was interesting but less convincing due to} 15...d6 16.Ng5 b4 17.Nd5 Bxd5 {and White cannot capture with a piece on d5, which means that his whole strategy is wrong.} ) 15...Qc7 16.Bg5 $5 {Nice regroupment. Not only the pawn on h4 is in danger, but the bishop is ready to swap off the black knight and secure the d5 point for the knight.} 16...Rc8 17.Rf2 $5 {Protects the c2-pawn and prepares Nc3-d5. White looks better now; he managed to turn the threats of a tactical blitzkrieg into strategical concessions in the black camp.} ( {However, I have the feeling that he should have stuck to the initial plan of opening the game and checkmating the king after} 17.f6 $5 ) 17...Be7 $1 {In a difficult situation Giri is amazingly resourceful.} 18.Bxe7 Kxe7 $3 {Anish defends greatly. As he does not intend to castle into the attack ever, it makes little sense to capture with the knight as it will be very badly placed afterwards} ( 18...Nxe7 19.Rfd2 Bc6 20.a3 {and Black has nothing better than} 20...Ng8 {to which} 21.g4 $1 {with the idea} 21...Nf6 22.Qe3 {and g4-g5 gives large edge to White.} ) 19.Rfd2 Nf6 {Now the knight is optimally placed for both attack and defense.} 20.a3 Rh6 $1 {One more important move in Black's plan. Black is out of danger.} 21.Qe3 ( {Black's position is solid after} 21.g4 hxg3 22.Qxg3 Kf8 23.Rg1 Rh7 {but this was superior version of what White had later in the game.} ) 21...Kf8 22.Kb1 Kg8 {Funny it might seem but Giri castled at last.} 23.Rg1 {Ivan prepares the second wave of the attack.} ( {It was tempting to regroup the knight as well after} 23.Nc1 Bc6 24.Nd3 {but} 24...a5 $1 {comes just in time.} ) 23...Ng4 24.Qf3 Qb6 25.Re1 Nf6 {And Anish is actively opposing it.} 26.g4 hxg3 27.Qxg3 ( {In the race for the d5-square Black seems faster:} 27.hxg3 a5 28.g4 b4 29.Na4 Qc6 30.Nac5 a4 {with complications which seem likely to favor the second player.} ) 27...d6 28.Rg2 Rh7 {Anish survived the attack and can start thinking of activity himself. The risky strategy succeeded!} 29.Qg5 $6 {The beginning of a wrong idea.} ( 29.Qd3 {was better.} ) 29...Kf8 30.Qd2 $6 Rxc3 $1 {Typical and strong. This is not even an exchange sacrifice!} 31.Qxc3 Nxe4 32.Qd3 $2 {This makes things worse.} ( 32.Qb4 $1 {was mandatory when in the line} 32...Nc3+ 33.bxc3 Bxg2 {White can win a central pawn back} 34.Rxe5 Rxh2 35.Re2 {with chances of survival, say} 35...Rh1+ 36.Kb2 Bd5 37.Qf4 {The threat Qf4-g5 is annoying, to say at least.} ) 32...Nc3+ 33.Qxc3 Bxg2 34.Qc8+ Ke7 35.Qg8 Qf2 $1 {A cold shower. The attack is over before it began.} ( {Ivan was obviously hoping for something like} 35...Rxh2 36.Qxg7 Bh3 37.Rxe5+ dxe5 38.Qxe5+ Kf8 39.Qxh2 Bxf5 {when White is definitely not worse.} ) 36.Rd1 ( 36.Rxe5+ dxe5 37.Qxh7 Kf6 {is hopeless for White who cannot co-ordinate his pieces.} ) 36...Be4 $1 {One more subtle move.} 37.Rd2 ( {Ivan probably missed that in the line} 37.Qxh7 {Black is not forced to capture on c2 with the queen, but can play} 37...Bxc2+ $1 ( {Rather than} 37...Qxc2+ 38.Ka2 Qxd1 39.Qh4+ {that wins a piece for White.} ) 38.Kc1 Bxf5 {and wins.} ) 37...Qg1+ 38.Ka2 Bxf5 {Giri stabilized the situation and went on to convert the extra pawns.} 39.Qb8 Rh6 40.Rd5 Bd7 41.Qb7 Qg4 42.Na5 {The last chace for some tricks but...} 42...Kf6 $1 {This brave king won the game.} ( 42...Rxh2 43.Qc7 Rxc2 $1 44.Qxc2 Qe6 45.Qb3 Qxd5 $1 46.Qxd5 Be6 {wins as well, but why to complicate things?!} ) 43.b3 ( 43.Rxd6+ Be6+ 44.Nb3 Rxh2 {is equally hopeless.} ) 43...Rxh2 44.Rxd6+ Be6 45.Kb2 Qf4 46.Nc6 Rh1 47.Qe7+ Kf5 {An excellent game by Anish who risked greatly but achieved an important win!} 0-1